<?xml version="1.0" encoding="UTF-8"?>
<record
    xmlns:xsi="http://www.w3.org/2001/XMLSchema-instance"
    xsi:schemaLocation="http://www.loc.gov/MARC21/slim http://www.loc.gov/standards/marcxml/schema/MARC21slim.xsd"
    xmlns="http://www.loc.gov/MARC21/slim">

  <leader>     nam a22     7a 4500</leader>
  <datafield tag="999" ind1=" " ind2=" ">
    <subfield code="c">49466</subfield>
    <subfield code="d">49466</subfield>
  </datafield>
  <controlfield tag="003">OSt</controlfield>
  <controlfield tag="005">20191216111601.0</controlfield>
  <controlfield tag="008">191216b        xxu||||| |||| 00| 0 eng d</controlfield>
  <datafield tag="040" ind1=" " ind2=" ">
    <subfield code="c">IIMT UNIVERISTY MEERUT</subfield>
    <subfield code="d">SEROSOFT</subfield>
  </datafield>
  <datafield tag="100" ind1=" " ind2=" ">
    <subfield code="a">CONN ERIC E.</subfield>
  </datafield>
  <datafield tag="245" ind1=" " ind2=" ">
    <subfield code="a">OUTLINES OF BIOCHEMISTRY</subfield>
    <subfield code="c">AUTHOR</subfield>
    <subfield code="h">ENGLISH</subfield>
  </datafield>
  <datafield tag="260" ind1=" " ind2=" ">
    <subfield code="a">WILEY INDIA EDITION</subfield>
    <subfield code="c">NEW DELHI</subfield>
  </datafield>
  <datafield tag="300" ind1=" " ind2=" ">
    <subfield code="a">PAPERBACK</subfield>
    <subfield code="b">693PP</subfield>
  </datafield>
  <datafield tag="760" ind1=" " ind2=" ">
    <subfield code="b">FIFTH ED.2017</subfield>
  </datafield>
  <datafield tag="856" ind1=" " ind2=" ">
    <subfield code="3">PAPERBACK</subfield>
  </datafield>
  <datafield tag="887" ind1=" " ind2=" ">
    <subfield code="2">TITEL</subfield>
  </datafield>
  <datafield tag="942" ind1=" " ind2=" ">
    <subfield code="2">ddc</subfield>
    <subfield code="c">01</subfield>
    <subfield code="e">WILEY INDIA EDITION</subfield>
    <subfield code="h">574.19CON</subfield>
    <subfield code="m">574.19CON</subfield>
  </datafield>
  <datafield tag="952" ind1=" " ind2=" ">
    <subfield code="0">0</subfield>
    <subfield code="1">0</subfield>
    <subfield code="2">ddc</subfield>
    <subfield code="4">0</subfield>
    <subfield code="7">0</subfield>
    <subfield code="a">02</subfield>
    <subfield code="b">02</subfield>
    <subfield code="d">2019-12-16</subfield>
    <subfield code="l">0</subfield>
    <subfield code="o">574.19CON</subfield>
    <subfield code="p">02-B-3006</subfield>
    <subfield code="r">2019-12-16</subfield>
    <subfield code="w">2019-12-16</subfield>
    <subfield code="y">01</subfield>
  </datafield>
</record>
